Taylor Swift mystery lyrics #21 - Statistics

General Stats
  • This quiz has been taken 98 times
    77 since last reset
  • The average score is 152 of 198
Answer Stats
Answer % Correct
I
98%
a
97%
you
97%
You
97%
your
95%
it
94%
me
94%
my
94%
the
94%
The
94%
be
92%
that
92%
to
92%
and
90%
And
90%
go
90%
in
90%
No
90%
no
90%
It's
89%
of
89%
have
87%
is
87%
what
87%
said
85%
we
85%
Why
85%
do
84%
know
84%
But
82%
this
82%
was
82%
Was
82%
all
81%
been
81%
can
81%
did
81%
for
81%
at
79%
just
79%
there
79%
could
77%
her
77%
I've
77%
should've
77%
with
77%
back
76%
say
74%
she
74%
one
73%
think
73%
thought
73%
you'd
73%
can't
71%
ever
71%
home
71%
Oh
71%
tell
71%
get
69%
gone
69%
let
69%
now
69%
shouldn't
69%
mind
68%
see
66%
known
65%
Baby
63%
right
63%
still
63%
things
63%
Before
61%
might
61%
out
61%
twice
61%
asking
60%
beggin'
60%
feet
60%
'fore
60%
forgiveness
60%
myself
60%
take
60%
moment
56%
worth
56%
about
55%
Yes
55%
same
53%
weakness
53%
word
53%
chance
52%
even
52%
everything
50%
looking
50%
past
50%
used
50%
wrong
50%
believe
45%
cryin'
45%
given
45%
feels
40%
strange
40%
'bout
39%
expect
39%
found
37%
need
37%
honestly
35%
sing
35%
songs
35%
flowers
34%
resist
34%
smiles
34%
Yesterday
29%
No matching quizzes found
Score Distribution
Percent of People with Each Score
Percentile by Number Answered
Your Score History
You have not taken this quiz since the last reset